BIBLIOTECA PODER JUDICIAL
Portal Judicial TDF

Algunas reflexiones sobre la inconstitucionalidad del art. 558 del Cód. Civ. y Com. y el rol de la socioafectividad en el derecho de las familias / (Registro nro. 6214)

000 -LEADER
fixed length control field 01139nab a22002057a 4500
003 - CONTROL NUMBER IDENTIFIER
control field OSt
005 - DATE AND TIME OF LATEST TRANSACTION
control field 20260125235859.0
008 - FIXED-LENGTH DATA ELEMENTS--GENERAL INFORMATION
fixed length control field 190514b xxu||||| |||| 00| 0 spa d
040 ## - CATALOGING SOURCE
Transcribing agency PJ
100 ## - MAIN ENTRY--PERSONAL NAME
9 (RLIN) 6674
Personal name Corleta, Natalia Daniela
245 10 - TITLE STATEMENT
Title Algunas reflexiones sobre la inconstitucionalidad del art. 558 del Cód. Civ. y Com. y el rol de la socioafectividad en el derecho de las familias /
Remainder of title Natalia Daniela Corleta.
300 ## - PHYSICAL DESCRIPTION
Extent p. 76-81
500 ## - GENERAL NOTE
General note Cita: TR LALEY AR/DOC/1517/2024.
505 ## - FORMATTED CONTENTS NOTE
Formatted contents note Sumario: I. Introducción.— II. El fallo de análisis. La inconstitucionalidad del art. 558 del Cód. Civ. y Com.— III. La socioafectividad, ¿fuente autónoma de triple filiación?— IV. Breves reflexiones finales.
505 ## - FORMATTED CONTENTS NOTE
Title Fallo comentado: JFamilia Nro. 8, Mendoza ~ 01/02/2024 ~ P., J. N. y P., J. A. c. D A., H. R. s/ acción de filiación.
650 #0 - SUBJECT ADDED ENTRY--TOPICAL TERM
9 (RLIN) 967
Topical term or geographic name as entry element DERECHO DE FAMILIA
650 #0 - SUBJECT ADDED ENTRY--TOPICAL TERM
9 (RLIN) 1057
Topical term or geographic name as entry element JURISPRUDENCIA APLICABLE
773 0# - HOST ITEM ENTRY
Host Biblionumber 2844
Host Itemnumber 3222
Place, publisher, and date of publication Buenos Aires : AbeledoPerrot, 1989-
Title Derecho de familia. Revista Interdisciplinaria de doctrina y jurisprudencia. Agosto 2024-IV.
International Standard Book Number 18511201
942 ## - ADDED ENTRY ELEMENTS (KOHA)
Source of classification or shelving scheme
Koha item type Analítica Artículo de Revista

No hay ítems disponibles.

12 de Octubre 789 Ushuaia - Tel:  54(02901)441571
Horario de Atención: 8.00 a 17.00 hs. 
bibliotecaush@justierradelfuego.gov.ar
koha@justierradelfuego.gov.ar
Seguinos en nuestras redes @bibliojustdf 

Con tecnología Koha